Problems for computer solution / (Record no. 181648)
[ view plain ]
| 000 -LEADER | |
|---|---|
| fixed length control field | 00801 a2200205 4500 |
| 003 - CONTROL NUMBER IDENTIFIER | |
| control field | Nust |
| 005 - DATE AND TIME OF LATEST TRANSACTION | |
| control field | 20230704130939.0 |
| 010 ## - LIBRARY OF CONGRESS CONTROL NUMBER | |
| LC control number | 79065705 |
| 020 ## - INTERNATIONAL STANDARD BOOK NUMBER | |
| International Standard Book Number | 0916688135(pbk.) : |
| 040 ## - CATALOGING SOURCE | |
| Transcribing agency | Nust |
| 082 00 - DEWEY DECIMAL CLASSIFICATION NUMBER | |
| Classification number | 510.285,ROG |
| 100 1# - MAIN ENTRY--PERSONAL NAME | |
| Personal name | Rogowski, Stephen J. |
| 9 (RLIN) | 113303 |
| 245 10 - TITLE STATEMENT | |
| Title | Problems for computer solution / |
| Statement of responsibility, etc. | Stephen J. Rogowski. |
| 250 ## - EDITION STATEMENT | |
| Edition statement | student ed. |
| 260 ## - PUBLICATION, DISTRIBUTION, ETC. | |
| Place of publication, distribution, etc. | Morristown, N.J. : |
| Name of publisher, distributor, etc. | Creative Computing Press, |
| Date of publication, distribution, etc. | c1980. |
| 300 ## - PHYSICAL DESCRIPTION | |
| Extent | iv, 104p. : |
| Other physical details | ill. ; |
| Dimensions | 28 cm. |
| 505 ## - FORMATTED CONTENTS NOTE | |
| Formatted contents note | Architecture (Page-1), Algebra (Page-14), Geometry (Page-26), Trigonometry (Page-32), Number Theory (Page-38), Probability (Page-59), Statistic (Page-65), Calculus (Page-67), Science (Page-70), General (Page-74), Unsolved (Page-89). |
| 650 #0 - SUBJECT ADDED ENTRY--TOPICAL TERM | |
| Topical term or geographic name entry element | Mathematics |
| General subdivision | Data processing. |
| 9 (RLIN) | 23326 |
| 942 ## - ADDED ENTRY ELEMENTS (KOHA) | |
| Source of classification or shelving scheme | |
| Koha item type | Book Bank |
| Withdrawn status | Lost status | Source of classification or shelving scheme | Damaged status | Not for loan | Permanent Location | Current Location | Shelving location | Date acquired | Full call number | Barcode | Date last seen | Price effective from | Koha item type | Public note |
|---|---|---|---|---|---|---|---|---|---|---|---|---|---|---|
| Military College of Signals (MCS) | Military College of Signals (MCS) | General Stacks | 12/12/2016 | 510.285,ROG | MCS3127 | 12/08/2016 | 12/12/2016 | Book | Almirah No.82, Shelf No.2 |
